Statistics for Korean Alphabet Day (Hangul Day)

Click here to take the quiz!

General Stats

  • This quiz has been taken 31 times
    (29 since last reset)
  • The average score is 5 of 10

Answer Stats

QuestionAnswer% Correct
How many consonants are there in Korean?14
74%
How many vowels are there in Korean?10
70%
Who created hangul (Korean)?King Sejong the Great
70%
How many alphabets are there in Korean?24
57%
Before the introduction of Hangul, Korea primarily used ____
Hanja (Chinese characters)
48%
Most Koreans found it difficult to learn ____Hanja (Chinese characters)
48%
Which countries celebrate the Korean Alphabet Day?South Korea, North Korea
39%
When was Hangul created?1443
35%
When is the Hangul day celebrated?October 9th
35%
What is the name of the document describing an entirely new and native script for the Korean language?Hunminjeongeum
13%

Score Distribution

Percentile by Number Answered

Percent of People with Each Score

Your Score History

You have not taken this quiz since the last reset